000 00867nam a2200253 a 4500
001 000043773
003 DO-SdBNP
005 20250924073803.0
008 140428d1985 dr 000 0 spa d
040 _aDO-SdBNP
_bspa
_cBNPHU
082 _a320
_b A948c
100 1 _aAvelino , Francisco Antonio,
_d1935-
_955440
245 1 0 _aCurso de historia del pensamiento político /
_cFrancisco Antonio Avelino.
260 _aSanto Domingo :
_bUASD,
_c1985.
300 _av. ;
_c22 cm.
490 1 _aPublicaciones de la Universidad Autónoma de Santo Domingo
_v207
490 1 _aHistoria y sociedad
_v52
590 _aInventariado, 2021 / DG
650 4 _aCiencias políticas
_xHistoria
_934640
830 _aPublicaciones de la Universidad Autónoma de Santo Domingo
_v207
_952
830 0 _aHistoria y sociedad ;
_vno. 52
_913749
910 _aD/G
942 _2ddc
_cLBS1
999 _c43262
_d43262